000 00798nam a2200241 i 4500
001 bg
100 1 _aHOŻEJOWSKA, Sylwia
245 1 0 _aMatematyka w zadaniach dla studiów ekonomiczno-technicznych /
_cSylwia Hożejowska, Leszek Hożejowski, Artur Maciąg.
260 _aKielce :
_bWydaw. PŚ,
_c2001.
300 _a279, [1] s. :
_bil. ;
_c24 cm.
490 1 _aSkrypty / [Politechnika Świętokrzyska],
_x0239-6386 ;
_vnr 377
504 _aBibliogr.
650 9 _aMatematyka
655 _aĆwiczenia i zadania dla szkół wyższych
700 1 _aHOŻEJOWSKI, Leszek
700 1 _aMACIĄG, Artur
830 0 _aSkrypty ([Politechnika Świętokrzyska]) ;
_vnr 377
040 _cBPK
041 0 _apl
080 _a51(075.8)(076)
942 _cKS
008 s pl f |000 0 pol
999 _c40935
_d40935
856 _uhttp://koha.tu.koszalin.pl/cgi-bin/koha/opac-detail.pl?biblionumber=40935
_yKatalog online BPK